000 00648nam a2200193Ia 4500
008 151121s9999||||xx |||||||||||||| ||und||
082 _a812/निसळ
082 _bHNW-16229
100 _aनिसळ शांता
245 _aसौभाग्यकांक्षिणी
260 _b"काँटिनेंटल प्रकाशन, पुणे।"
260 _c--
300 _a57
600 _aनिसळ शांता
630 _aसौभाग्यकांक्षिणी
700 _aनिसळ शांता
730 _aसौभाग्यकांक्षिणी
942 _cBOOK
999 _c1219097
_d1219094